000 00626nam a2200205Ii 4500
003 JO-AjNU
008 230605s9999||||xx |||||||||||||| ||und||
017 _a2001/3/6/1282
040 _aJO-AjNU
_bara
_erda
_cJO-AjNU
041 _aara
050 1 4 _aPJ7866.M36.B3 2004
100 3 _aالعمري، حسين,
_eauthor
_943803
245 0 0 _aبراكية الجبل وقصص أخرى
264 3 1 _aإربد: دار الكندي، 2004
300 _a117ص
336 _atext
_btxt
_2rdacontent
337 _aunmediated
_bn
_2rdamedia
338 _avolume
_bnc
_2rdacarrier
650 4 _aالأدب العربي - قصص
_943804
999 _aA18858
_c22426
_d22426